Zavet svobody bedeker ob antifašistkom soprotivlenii i Slovackom nacional'nom vosstanii

Bibliographic Details
Main Authors: Stanislav, Ján, 1942- (Author), Mičev, Stanislav, 1957- (Author)
Other Authors: Guitcheva, Gana, 1960- (Translator), Mičko, Peter, 1977- (Reviewer), Kmeť, Miroslav, 1964- (Reviewer)
Format: Book
Language:Russian
Slovak
PhysicalDescription:111 strán faksimile, fotografie, ilustrácie, mapy, portréty 21 cm
Published: Banska Bystrica Muzej Slovackogo nacional'nogo vosstanija 2019
ISBN:9788089514625
Subjects:

MARC

LEADER 00000cam a2200000 4500
001 vtls011885988
003 SK-MaSNL
005 20260425224117.0
008 220107s2019 xo abocgrn 000 0 rus
015 |a SNBA2021/02 
020 |a 9788089514625  |q (brožované) 
035 |a urn:nbn:sk:snk-am00g4sl 
035 |a urn:nbn:sk:snk-am3iymf 
035 |a CEDFDF4B-8105-402A-9A69-7107F62DF596 
040 |a SNK  |b slo  |c SNK  |e rda 
041 1 |a rus  |h slo 
043 |a e-cs---  |a e-xo--- 
044 |a xo  |c SK 
072 7 |a 94(437.6)  |x Dejiny Slovenska  |2 konspekt 
072 7 |a 355/359  |x Vojenstvo. Obrana krajiny. Ozbrojené sily  |2 konspekt 
080 |a 94(437.6)"1944"  |2 2011 
080 |a 355.426(437.6)"1944"  |2 2011 
080 |a 323.25/.26:329.18  |2 2011 
080 |a 341.38  |2 2011 
080 |a (437)  |2 2011 
080 |a (048.8)  |2 2011 
080 |a (437.6)  |2 2011 
100 1 |a Stanislav, Ján,  |d 1942-  |4 aut  |9 200291 
245 1 0 |a Zavet svobody  |b bedeker ob antifašistkom soprotivlenii i Slovackom nacional'nom vosstanii  |c Jan Stanislav, Stanislav Mičev ; perevod Gana Gičeva 
264 1 |a Banska Bystrica  |b Muzej Slovackogo nacional'nogo vosstanija  |c 2019 
300 |a 111 strán  |b faksimile, fotografie, ilustrácie, mapy, portréty  |c 21 cm 
336 |a text  |b txt  |2 rdacontent 
337 |a bez média  |b n  |2 rdamedia 
338 |a zväzok  |b nc  |2 rdacarrier 
500 |a Preložené zo slovenčiny 
546 |a Obsahuje bibliografiu na strane 110-111 
650 0 7 |a Slovenské národné povstanie (1944)  |2 SNKPH  |9 177948 
650 0 7 |a protifašistický odboj  |2 SNKPH  |9 4751 
650 0 7 |a antifašizmus  |2 SNKPH  |9 4752 
650 0 7 |a denacifikácia  |2 SNKPH  |9 4479 
650 0 7 |a Slovakia, uprising, 1944  |2 SNKPHeng  |9 359714 
650 0 7 |a Anti-fascist movements  |2 SNKPHeng  |9 265181 
650 0 7 |a Anti-fascism  |2 SNKPHeng  |9 324878 
650 0 7 |a Denazifikation  |2 SNKPHeng  |9 359715 
651 7 |a Československo  |2 SNKPHgeo  |9 21376 
651 7 |a Czechoslovakia  |2 SNKPHeng  |9 265183 
651 7 |a Slovensko  |2 SNKPHgeo  |9 14231 
651 7 |a Slovakia  |2 SNKPHeng  |9 92630 
655 7 |a monografie  |2 SNKPH  |9 70139 
655 7 |a Monographs  |2 SNKPHeng  |9 120675 
700 1 |a Mičev, Stanislav,  |d 1957-  |4 aut  |9 108982 
700 1 |a Guitcheva, Gana,  |d 1960-  |4 trl  |9 225789 
700 1 |a Mičko, Peter,  |d 1977-  |4 rev  |9 253843 
700 1 |a Kmeť, Miroslav,  |d 1964-  |4 rev 
700 1 |a Kocák, Ivan  |4 bkd  |9 150561 
919 |a 978-80-89514-62-5 
958 |a OP 
958 |a NB 
958 |a RU 
999 |c 604396  |d 606326 
952 |a SNK  |b SNK  |y PREZ  |7 0  |p 17A1414454  |o snkSC 187565  |i snk2020/1638  |8 0  |0 0  |1 0  |4 0  |d 2020-01-24  |f 1  |l 0  |r 2026-02-23 16:04:47  |w 2026-02-23 
952 |a SNK  |b SNK  |y PREZ  |7 0  |p 17A1414455  |o snkSC 187565 D1  |i snk2020/1640  |8 0  |0 0  |1 0  |4 0  |d 2020-01-24  |l 0  |r 2026-02-23 16:04:47  |w 2026-02-23